Países en las antillas menores o pequeñas antillas - Estadísticas

Estadísticas generales
  • Esta prueba ha sido intentada 145 veces
  • La puntuación promedio es 7 de 8
Estadísticas de respuestas
Países % Correcto
Trinidad y Tobago
94%
Antigua y Barbuda
93%
Barbados
93%
San Vicente y las Granadinas
90%
Santa Lucía
89%
Dominica
87%
Granada
86%
San Cristóbal y Nieves
85%
No se encontraron pruebas coincidentes
Distribución de puntuación
Porcentaje de gente con cada puntuación
Porcentaje por número respondido
Historial de tus puntuaciones
No has intentado esta prueba.